Norwich City Danish Players - Statistics

General Stats
  • This quiz has been taken 12 times
    4 since last reset
  • The average score is 4 of 11
Answer Stats
Answer % Correct
Mathias Kvistgaarden
100%
Oscar Schwartau
100%
Emiliano Marcondes
67%
David Nielsen
33%
Jacob Lungi Sørensen
33%
Jens Berthel Askou
33%
Pelle Mattsson
33%
Steen Nedergaard
33%
Henrik Mortensen
0%
Jan Mølby
0%
Thomas Helveg
0%
No matching quizzes found
Score Distribution
Percent of People with Each Score
Percentile by Number Answered
Your Score History
You have not taken this quiz since the last reset